Catalog

Record Details

Catalog Search



El club de los gatitos de Karen / una novela ... Read More

Martin, Ann M.,(creator.).
Farina, Katy,(author,, artist.). Martin, Ann M., 1955- Graphic novelization of (work): Karen's kittycat club.(Added Author). ... Read More

Available copies

  • 2 of 2 copies available at LARL/NWRL Consortium.
  • 2 of 2 copies available at Lake Agassiz Regional Library. (Show preferred library)

Current holds

0 current holds with 2 total copies.

Show Only Available Copies
Location Call Number / Copy Notes Barcode Shelving Location Status Due Date
Moorhead Public Library J G MAR (Text) 33500013529151 Main Available -
Moorhead Public Library J G MAR (Text) 33500013529169 Main Available -

Record details

  • ISBN: 9781338789690
  • ISBN: 1338789694
  • Physical Description: 132 pages : chiefly color illustrations ; 24 cm.
  • Edition: First edition.
  • Publisher: New York, NY : Graphix, un sello editorial de Scholastic, [2022]

Content descriptions

General Note:
"Basado en la novel de Ann M. Martin"--Cover.
Originally published in English as Baby-Sitters Little Sister #4: Karen's Kittycat club.
Summary, etc.:
Hannie, la mejor amiga de Karen, tiene un adorable ... Read More
Karen's best friend Hannie just got an adorable ... Read More
Language Note:
Translated from the Spanish.
Subject: Cats > Comic books, strips, etc.
Clubs > Comic books, strips, etc.
Cats > Fiction.
Clubs > Fiction.
Cartoons and comics.
Gatos > Muñequitos, tiras cómicas, etc.
Clubes > Muñequitos, tiras cómicas, etc.
Genre: Graphic novels.
Comics (Graphic works)
Graphic novel adaptations.
LDR 02904cam a2200553 i 4500
001379490
003LARL_NWRL_CONSORTIUM
00520220201161635.0
008220127s2022 nyua b 6 000 0 eng d
040 . ‡aIG$ ‡beng ‡erda ‡cIG$ ‡dIG$ ‡dOQX ‡dOCLCO
020 . ‡a9781338789690
020 . ‡a1338789694
035 . ‡a(OCoLC)1293856659
0411 . ‡aspa ‡heng
08204. ‡a741.5/973 ‡223
1001 . ‡aMartin, Ann M., ‡ecreator.
24010. ‡aKaren's kittycat club. ‡lSpanish
24513. ‡aEl club de los gatitos de Karen / ‡cuna novela gráfica de Katy Farina ; con color de Braden Lamb.
2463 . ‡aLa hermanita de las niñeras. ‡pEl club de los gatitos de Karen
2463 . ‡aClub de los gatitos de Karen
250 . ‡aFirst edition.
264 1. ‡aNew York, NY : ‡bGraphix, un sello editorial de Scholastic, ‡c[2022]
300 . ‡a132 pages : ‡bchiefly color illustrations ; ‡c24 cm.
336 . ‡atext ‡btxt ‡2rdacontent
336 . ‡astill image ‡bsti ‡2rdacontent
337 . ‡aunmediated ‡bn ‡2rdamedia
338 . ‡avolume ‡bnc ‡2rdacarrier
4900 . ‡aHermanita de las niñeras la novela gráfica ; ‡v4
4900 . ‡aBaby-sitters little sister graphic novel ; ‡v4
500 . ‡a"Basado en la novel de Ann M. Martin"--Cover.
500 . ‡aOriginally published in English as Baby-Sitters Little Sister #4: Karen's Kittycat club.
520 . ‡aHannie, la mejor amiga de Karen, tiene un adorable gatito. Su vecina Amanda también tiene un gato, y Karen tiene al viejo y gruñón Bubu. Ahora que todas tienen gatos, a Karen se le ocurre una idea genial: ¡quiere fundar el Club de los Gatitos!¿Qué harán en el club? Karen no puede hacer de niñera como Kristy, su hermana mayor... pero ¡puede cuidar gatitos! ¿Querrá alguien contratar a Karen y a sus amigas?
520 . ‡aKaren's best friend Hannie just got an adorable new kitten. Their neighbor Amanda has a cat, too, and Karen has grumpy old Boo-Boo. Now that they all have cats, Karen comes up with a great idea. She wants to start a Kittycat Club!What will the club do? Karen can't baby-sit like her big sister Kristy... but she can cat-sit! Will anyone want to hire Karen and her friends?
546 . ‡aTranslated from the Spanish.
650 0. ‡aCats ‡vComic books, strips, etc.
650 0. ‡aClubs ‡vComic books, strips, etc.
650 1. ‡aCats ‡vFiction. ‡0(LARL_NWRL_CONSORTIUM)164102
650 1. ‡aClubs ‡vFiction. ‡0(LARL_NWRL_CONSORTIUM)171514
650 1. ‡aCartoons and comics. ‡0(LARL_NWRL_CONSORTIUM)175912
650 7. ‡aGatos ‡vMuñequitos, tiras cómicas, etc. ‡2bidex
650 7. ‡aClubes ‡vMuñequitos, tiras cómicas, etc. ‡2bidex
655 7. ‡aGraphic novels. ‡2lcgft
655 7. ‡aComics (Graphic works) ‡2lcgft
655 7. ‡aGraphic novel adaptations. ‡2lcgft
7001 . ‡aFarina, Katy, ‡eauthor, ‡eartist.
7001 . ‡iGraphic novelization of (work): ‡aMartin, Ann M., ‡d1955- ‡tKaren's kittycat club.
7001 . ‡aLamb, Braden, ‡ecolorist.
901 . ‡a379490 ‡bOCoLC ‡c379490 ‡tbiblio ‡soclc

Additional Resources